01471nam a2200349 a 4500001001000000003000900010005001700019007000300036008004100039020001500080040002600095082002900121100003600150100003100186100003700217245010400254260003800358300002000396590002600416650002200442650002800464650003200492650003500524700002600559710007300585910003900658942001200697952012900709952013400838952013400972999001501106000044468DO-SdBPM20250317103456.0ta140702s2006 dr 000 0 spa d a9945405608 aDO-SdBPMbspacBPMSU  4aRD862.44bG216f 20062221 aGarcía Guerra, Iván,d1938-z aGarcía, Iván, d1938- z aGuerra, Iván García,d 1938-10aFábula de los cinco caminantes /cIván García Guerra ; edición y diagramación Iris Canos. aSanto Domingo :bEDUCARTE,c2006. a46 p. ;c21 cm. aInventariado, 2025/VM 4aTeatro dominicano 4a Fábulas dominicanas  4aTeatro juvenil dominicanos  4aLiteratura juvenil dominicana.1 aCanos, Iris,eeditora1 a República Dominicana. bFundación para la Educación y el Arte aVMateo V. Control de calidad BPMSU 2ddccBK 00102ddc40708CJ-DaBPMETbBPMETd2015-02-11l0oBPMSU CJD RD862.44 G216f 2006pBPMSU15041156r2015-02-11w2015-02-11yBK 00102ddc40708CJ-DaBPMETbBPMETd2015-02-11l0oBPMSU CJD RD862.44 G216f 2006pBPMSU15041157r2015-02-11te.2w2015-02-11yBK 00102ddc40708CJ-DaBPMETbBPMETd2015-04-10l0oBPMSU CJD RD862.44 G216f 2006pBPMSU15041158r2015-04-10te.3w2015-04-10yBK c7370d7370